Partnership in coastal zone management. (Papers from LITTORAL `96 the Third International Conference of the European Coastal Association for Science and Technology, held at the University of Portsmouth). (Record no. 86434)

MARC details
000 -LEADER
fixed length control field 01115cam a2200313 4500
008 - FIXED-LENGTH DATA ELEMENTS--GENERAL INFORMATION
fixed length control field 090401t1996 xxu||||| |||| 00| 0 eng d
020 ## - INTERNATIONAL STANDARD BOOK NUMBER
International Standard Book Number 1873692099
035 ## - SYSTEM CONTROL NUMBER
System control number (Sirsi) u7722
041 ## - LANGUAGE CODE
Language code of text/sound track or separate title eng
050 ## - LIBRARY OF CONGRESS CALL NUMBER
Classification number 333.9164
110 ## - MAIN ENTRY--CORPORATE NAME
Corporate name or jurisdiction name as entry element LITTORAL `96
9 (RLIN) 397
245 ## - TITLE STATEMENT
Title Partnership in coastal zone management. (Papers from LITTORAL `96 the Third International Conference of the European Coastal Association for Science and Technology, held at the University of Portsmouth).
260 ## - PUBLICATION, DISTRIBUTION, ETC.
Place of publication, distribution, etc. Cardigan
Name of publisher, distributor, etc. Samara Publishing Limited
Date of publication, distribution, etc. 1996
300 ## - PHYSICAL DESCRIPTION
Extent xvi,688p. : ill. ; 24cm.
350 ## - PRICE (NR) (BK AM CF MU VM SE) [OBSOLETE]
Price 0
500 ## - GENERAL NOTE
General note Available from publisher at Samara House, Tresaith, Cardigan, Dyfed SA43 2JG on 01239 811315.
650 ## - SUBJECT ADDED ENTRY--TOPICAL TERM
Topical term or geographic name entry element BEACHES
650 ## - SUBJECT ADDED ENTRY--TOPICAL TERM
Topical term or geographic name entry element COASTAL ZONE MANAGEMENT
650 ## - SUBJECT ADDED ENTRY--TOPICAL TERM
Topical term or geographic name entry element COASTAL ZONES
650 ## - SUBJECT ADDED ENTRY--TOPICAL TERM
Topical term or geographic name entry element CONFERENCES
650 ## - SUBJECT ADDED ENTRY--TOPICAL TERM
Topical term or geographic name entry element EUROPEAN COASTAL ASSOCIATION FOR SCIENCE AND TECHNOLOGY
650 ## - SUBJECT ADDED ENTRY--TOPICAL TERM
Topical term or geographic name entry element MARINE RESOURCES
650 ## - SUBJECT ADDED ENTRY--TOPICAL TERM
Topical term or geographic name entry element SEA LEVEL CHANGES
690 ## - LOCAL SUBJECT ADDED ENTRY--TOPICAL TERM (OCLC, RLIN)
Topical term or geographic name as entry element MARINE RESOURCES
700 ## - ADDED ENTRY--PERSONAL NAME
Personal name Taussik, Jane & Mitchell, Julian,
International Standard Serial Number Editor
710 ## - ADDED ENTRY--CORPORATE NAME
Corporate name or jurisdiction name as entry element EUROCOAST
942 ## - ADDED ENTRY ELEMENTS (KOHA)
Suppress in OPAC 0
948 ## - LOCAL PROCESSING INFORMATION (OCLC); SERIES PART DESIGNATOR (RLIN)
c (OCLC) 04/03/1997
Holdings
Withdrawn status Lost status Source of classification or shelving scheme Damaged status Not for loan Home library Current library Shelving location Date acquired Cost, normal purchase price Total Checkouts Full call number Barcode Date last seen Date last checked out Copy number Cost, replacement price Price effective from Koha item type
    Dewey Decimal Classification     London London Books 10/10/1996 49.00 2 333.9164 30050444 06/08/2019 27/05/2005 1 49.00 06/08/2019 Book